| 000 | 01061cam a2200277 i 4500 | ||
|---|---|---|---|
| 003 | SA-RiAUC | ||
| 005 | 20250901054821.0 | ||
| 008 | 250830s1996 su o g f000 0 ara c | ||
| 040 |
_aSA-RiIMS _bara _cSA-RiAUC _erda |
||
| 041 | 1 |
_aara _hund |
|
| 043 | _aar----- | ||
| 082 | 0 | 4 | _a915.304 |
| 090 |
_a915.304 _bن ا ك |
||
| 100 | 1 |
_aناكانو، إيجيرو _eمؤلف. |
|
| 245 | 1 | 2 |
_aالرحلة اليابانية إلى الجزيرة العربية / _cتأليف إيجيرو ناكانو ؛ ترجمة سارة تاكاهاشي. |
| 264 | 1 |
_aالرياض : _bدارة الملك عبد العزيز، _c1996. |
|
| 300 |
_a189 صفحة ؛ _c24 سم |
||
| 300 |
_a144 صفحة : _bصور ؛ _c24 سم |
||
| 336 |
_aنص _btxt _2rdacontent _3كتاب |
||
| 337 |
_aبدون وسيط _bn _2rdamedia |
||
| 338 |
_aمجلد _bnc _2rdacarrier |
||
| 651 | 7 |
_aشبه الجزيرة العربية _xوصف ورحلات _2aucsh |
|
| 700 | 1 |
_aتاكاهاشي، سارة _eمترجم. |
|
| 942 |
_2ddc _cBOOK _n0 |
||
| 949 |
_aSA-JeALM _d250830 _umohamedma123 _n1 |
||
| 999 |
_c11330 _d11330 |
||